[Event "Regionalliga SO 0506"]
[Site "Bayern"]
[Date "2006.04.02"]
[Round "9.6"]
[White "Braun, Christoph"]
[Black "Gschwendtner, Klaus"]
[Result "1/2-1/2"]
[WhiteElo "2058"]
[BlackElo "2027"]
[PlyCount "63"]
[EventDate "2005.10.23"]
[EventType "team-tourn"]
[EventRounds "9"]
[EventCountry "GER"]
[SourceTitle "EXT 2007"]
[Source "ChessBase"]
[SourceDate "2006.11.23"]
[SourceVersion "1"]
[SourceVersionDate "2006.11.23"]
[SourceQuality "1"]
[WhiteTeam "Freising SK"]
[BlackTeam "Starnberg SC"]
[WhiteTeamCountry "GER"]
[BlackTeamCountry "GER"]

1. e4 e5 2. Nc3 Nf6 3. Bc4 Bc5 4. d3 d6 5. Na4 Bb4+ 6. c3 Ba5 7. b4 Bb6 8. Nxb6 axb6 9. Bg5 Be6 10. Bxe6 fxe6 11. Ne2 0-0 12. 0-0 h6 13. Bxf6 Qxf6 14. f4 Nc6 15. Qb3 Rae8 16. Rf3 exf4 17. Rxf4 Qg5 18. Raf1 Rxf4 19. Nxf4 Kh7 20. g3 Ne5 21. Qd1 b5 22. Qe2 c6 23. c4 bxc4 24. dxc4 Nd7 25. Qd3 Qe5 26. Rd1 Nf6 27. Qxd6 Qxe4 28. Qd3 Qxd3 29. Nxd3 Rd8 30. Nb2 Re8 31. a4 Kg6 32. a5 1/2-1/2

[Event "Landesliga Sued 0405"]
[Site "Bayern"]
[Date "2005.03.13"]
[Round "8.8"]
[White "Winterkamp, Stefan"]
[Black "Braun, Christoph"]
[Result "0-1"]
[WhiteElo "1935"]
[BlackElo "2096"]
[PlyCount "84"]
[EventDate "2004.10.24"]
[EventType "team-tourn"]
[EventRounds "9"]
[EventCountry "GER"]
[SourceTitle "EXT 2007"]
[Source "ChessBase"]
[SourceDate "2006.11.23"]
[SourceVersion "1"]
[SourceVersionDate "2006.11.23"]
[SourceQuality "1"]
[WhiteTeam "Klosterlechfeld"]
[BlackTeam "Freising"]
[WhiteTeamCountry "GER"]
[BlackTeamCountry "GER"]

1. b3 f5 2. Bb2 Nf6 3. e3 g6 4. d4 Bg7 5. c4 0-0 6. Nf3 d6 7. Be2 Qe8 8. Nc3 c6 9. d5 Na6 10. Nd4 Bd7 11. Bf3 Nc7 12. dxc6 bxc6 13. 0-0 Rb8 14. Qd2 c5 15. Nde2 g5 16. g3 h6 17. Nd5 Ncxd5 18. cxd5 Qg6 19. Nc3 Rb4 20. Rfd1 Ng4 21. Bxg4 fxg4 22. Ba3 Rb7 23. Rac1 h5 24. Qe2 h4 25. Re1 Be5 26. Bb2 Qf5 27. e4 Qf3 28. Qxf3 Rxf3 29. Nd1 Bf6 30. Bxf6 exf6 31. Ne3 Kf7 32. Nc4 Ke7 33. Re3 Rb4 34. Rcc3 Rxe3 35. Rxe3 h3 36. Kf1 Bb5 37. Rc3 f5 38. exf5 Kf6 39. Ke1 Bxc4 40. Rxc4 Rxc4 41. bxc4 Kxf5 42. Ke2 Ke4 0-1

[Event "Marianske Lazne op"]
[Site "Marianske Lazne"]
[Date "2005.01.28"]
[Round "8.12"]
[White "Bauch, Ralf"]
[Black "Braun, Christoph"]
[Result "1/2-1/2"]
[WhiteElo "2115"]
[BlackElo "2171"]
[PlyCount "64"]
[EventDate "2005.01.22"]
[EventType "swiss"]
[EventRounds "9"]
[EventCountry "CZE"]
[SourceTitle "CBM 104 Extra"]
[Source "ChessBase"]
[SourceDate "2005.03.01"]
[SourceVersion "1"]
[SourceVersionDate "2005.03.01"]
[SourceQuality "1"]

1. d4 f5 2. Nf3 Nf6 3. g3 g6 4. Bg2 Bg7 5. 0-0 0-0 6. c4 d6 7. Nc3 Qe8 8. d5 a5 9. Nd4 Na6 10. e4 Nxe4 11. Nxe4 fxe4 12. Bxe4 Nc5 13. Bg2 Bd7 14. Be3 b5 15. b3 bxc4 16. bxc4 Rb8 17. Rb1 a4 18. Qd2 Kh8 19. Rfe1 Qc8 20. Bh6 Rxb1 21. Bxg7+ Kxg7 22. Rxb1 e5 23. dxe6 Bxe6 24. Nc6 Qa6 25. Qd4+ Rf6 26. Rb4 h5 27. h4 Bd7 28. Nb8 Qc8 29. Nxd7 Qxd7 30. Rb8 Qe8 31. Bd5 Kh7 32. Kg2 Rf8 1/2-1/2

[Event "Regionalliga SO 9899"]
[Site "Bayern"]
[Date "1999.??.??"]
[Round "8.4"]
[White "Braun, Christoph"]
[Black "Hackbarth, Christa"]
[Result "1-0"]
[WhiteElo "2055"]
[BlackElo "1800"]
[PlyCount "59"]
[EventDate "1998.??.??"]
[EventType "team-tourn"]
[EventRounds "9"]
[EventCountry "GER"]
[SourceTitle "EXT 2020"]
[Source "ChessBase"]
[SourceDate "2019.10.17"]
[SourceVersion "1"]
[SourceVersionDate "2019.10.17"]
[SourceQuality "1"]
[WhiteTeam "Freising SK"]
[BlackTeam "Simbach"]
[WhiteTeamCountry "GER"]
[BlackTeamCountry "GER"]

1. e4 c6 2. Nc3 d5 3. Nf3 Bg4 4. h3 Bh5 5. exd5 cxd5 6. g4 Bg6 7. Bb5+ Nc6 8. Ne5 Qd6 9. d4 a6 10. Bxc6+ bxc6 11. Bf4 Qf6 12. Qf3 Rc8 13. 0-0-0 e6 14. Qe3 Qd8 15. h4 c5 16. h5 Bxc2 17. Kxc2 Qa5 18. Kb1 cxd4 19. Qxd4 f6 20. Nd3 Rc4 21. Qe3 Kf7 22. Rhe1 Rc6 23. Nxd5 g5 24. Qa7+ Ne7 25. Bc7 Qxd5 26. Ne5+ Qxe5 27. Bxe5 fxe5 28. Rd7 Kf6 29. Rxe5 Nd5 30. Qd4 1-0

[Event "Regionalliga SO 9899"]
[Site "Bayern"]
[Date "1999.??.??"]
[Round "6.4"]
[White "Braun, Christoph"]
[Black "Knechtel, Roland"]
[Result "1/2-1/2"]
[WhiteElo "2050"]
[BlackElo "2130"]
[PlyCount "81"]
[EventDate "1998.??.??"]
[EventType "team-tourn"]
[EventRounds "9"]
[EventCountry "GER"]
[SourceTitle "EXT 2020"]
[Source "ChessBase"]
[SourceDate "2019.10.17"]
[SourceVersion "1"]
[SourceVersionDate "2019.10.17"]
[SourceQuality "1"]
[WhiteTeam "Freising SK"]
[BlackTeam "Waldkirchen TSV"]
[WhiteTeamCountry "GER"]
[BlackTeamCountry "GER"]

1. e4 c5 2. Nf3 d6 3. c3 Nf6 4. Be2 Bd7 5. d3 g6 6. Nbd2 Bc6 7. 0-0 Bg7 8. Re1 0-0 9. Nf1 Nbd7 10. Ng3 b5 11. Bf1 Rb8 12. d4 b4 13. d5 Bb5 14. c4 Ba6 15. Rb1 Nb6 16. b3 Bc8 17. e5 Ne8 18. exd6 exd6 19. Bg5 f6 20. Bc1 Nd7 21. Bb2 Ne5 22. Nd2 f5 23. f4 Ng4 24. Bxg7 Nxg7 25. Nf3 h6 26. Bd3 Rb7 27. Qd2 a5 28. Re2 Rff7 29. Rbe1 Ra7 30. h4 Nf6 31. Bc2 Bd7 32. Qd1 Kf8 33. Kf2 a4 34. bxa4 Qa5 35. Re6 Qa6 36. Qa1 Ng4+ 37. Kg1 Qxc4 38. Bb3 Qa6 39. Rxg6 c4 40. Bc2 b3 41. axb3 1/2-1/2

[Event "Regionalliga SO 9899"]
[Site "Bayern"]
[Date "1999.??.??"]
[Round "9.4"]
[White "Markl, Martin"]
[Black "Braun, Christoph"]
[Result "1/2-1/2"]
[WhiteElo "2080"]
[BlackElo "2055"]
[PlyCount "73"]
[EventDate "1998.??.??"]
[EventType "team-tourn"]
[EventRounds "9"]
[EventCountry "GER"]
[SourceTitle "EXT 2020"]
[Source "ChessBase"]
[SourceDate "2019.10.17"]
[SourceVersion "1"]
[SourceVersionDate "2019.10.17"]
[SourceQuality "1"]
[WhiteTeam "Pang/Rosenheim II"]
[BlackTeam "Freising SK"]
[WhiteTeamCountry "GER"]
[BlackTeamCountry "GER"]

1. d4 f5 2. e4 fxe4 3. Nc3 Nf6 4. f3 d5 5. Bg5 Bf5 6. fxe4 dxe4 7. Nge2 e6 8. Ng3 Be7 9. Bc4 Nc6 10. Nxf5 exf5 11. d5 Ne5 12. Bb3 Nf7 13. Bxf6 Bxf6 14. Ba4+ Ke7 15. 0-0 Nd6 16. Ne2 c5 17. c3 b5 18. Bc2 Be5 19. a4 a6 20. Qe1 Kd7 21. axb5 axb5 22. Qf2 Qc7 23. Nf4 Bxf4 24. Qxf4 g6 25. Qh6 Nf7 26. Qg7 Ke7 27. Rxa8 Rxa8 28. Bxe4 Rd8 29. Bxf5 Qe5 30. Qxe5+ Nxe5 31. Be6 Ra8 32. b4 cxb4 33. cxb4 Ra4 34. Re1 Kd6 35. Bg8 Rxb4 36. Bxh7 Kxd5 37. Bg8+ 1/2-1/2

[Event "Regionalliga SO 9798"]
[Site "Bayern"]
[Date "1998.??.??"]
[Round "?.6"]
[White "Braun, Christoph"]
[Black "Danzer, George"]
[Result "1-0"]
[WhiteElo "2010"]
[BlackElo "1840"]
[PlyCount "67"]
[EventDate "1997.10.19"]
[EventType "team-tourn"]
[EventRounds "9"]
[EventCountry "GER"]
[SourceTitle "EXT 2020"]
[Source "ChessBase"]
[SourceDate "2019.10.17"]
[SourceVersion "1"]
[SourceVersionDate "2019.10.17"]
[SourceQuality "1"]
[WhiteTeam "Freising SK"]
[BlackTeam "Dorfen PSV"]
[WhiteTeamCountry "GER"]
[BlackTeamCountry "GER"]

1. g3 e5 2. Bg2 d5 3. d3 Be6 4. c4 c6 5. Nf3 dxc4 6. 0-0 Nd7 7. dxc4 Bxc4 8. Qc2 Be6 9. Ng5 Qe7 10. Nxh7 Ngf6 11. Ng5 Nd5 12. a3 0-0-0 13. Nc3 Kb8 14. Nxe6 Qxe6 15. b4 N7b6 16. Bb2 Nc4 17. Rad1 Nxb2 18. Qxb2 Be7 19. Ne4 g5 20. Rfe1 f5 21. Nc5 Bxc5 22. bxc5 e4 23. Rd4 Rh7 24. Rb1 g4 25. Qb3 Qh6 26. Kf1 e3 27. Rxd5 cxd5 28. Bxd5 Qxh2 29. Bg2 Rdh8 30. fxe3 Qxg3 31. Qd5 Rh1+ 32. Bxh1 Rxh1+ 33. Qxh1 Qxe3 34. Qxb7# 1-0

[Event "Regionalliga SO 9798"]
[Site "Bayern"]
[Date "1997.??.??"]
[Round "?.6"]
[White "Braun, Christoph"]
[Black "Roth, Peter2222"]
[Result "1/2-1/2"]
[WhiteElo "1975"]
[BlackElo "1965"]
[PlyCount "53"]
[EventDate "1997.10.19"]
[EventType "team-tourn"]
[EventRounds "9"]
[EventCountry "GER"]
[SourceTitle "EXT 2020"]
[Source "ChessBase"]
[SourceDate "2019.10.17"]
[SourceVersion "1"]
[SourceVersionDate "2019.10.17"]
[SourceQuality "1"]
[WhiteTeam "Freising SK"]
[BlackTeam "Deggendorf"]
[WhiteTeamCountry "GER"]
[BlackTeamCountry "GER"]

1. d4 Nf6 2. Bf4 d6 3. e3 g6 4. h3 Bg7 5. Nf3 0-0 6. Be2 c5 7. Nbd2 b6 8. 0-0 Bb7 9. c3 Nbd7 10. Bh2 Re8 11. a4 a6 12. Qb3 Ra7 13. Rad1 Qa8 14. Rfe1 Ne4 15. Nxe4 Bxe4 16. Ng5 Bd5 17. Bc4 Bxc4 18. Qxc4 d5 19. Qb3 c4 20. Qc2 h6 21. Nf3 Nf6 22. Nd2 b5 23. e4 dxe4 24. Nxe4 Nd5 25. Nc5 Qc6 26. f4 e6 27. Kh1 1/2-1/2

[Event "Regionalliga SO 9596"]
[Site "Bayern"]
[Date "1996.05.19"]
[Round "9"]
[White "Schwab, Andreas"]
[Black "Braun, Christoph"]
[Result "1/2-1/2"]
[WhiteElo "2010"]
[BlackElo "1900"]
[PlyCount "26"]
[EventDate "1995.10.15"]
[EventType "team-tourn"]
[EventRounds "9"]
[EventCountry "GER"]
[SourceTitle "EXT 1999"]
[Source "ChessBase"]
[SourceDate "1998.11.16"]
[SourceVersion "1"]
[SourceVersionDate "1998.11.16"]
[SourceQuality "1"]
[WhiteTeam "Ebersberg Grafing"]
[BlackTeam "Freising SK"]
[WhiteTeamCountry "GER"]
[BlackTeamCountry "GER"]

1. d4 f5 2. Nc3 d5 3. Bf4 Nf6 4. e3 e6 5. Nb5 Bd6 6. Nxd6+ cxd6 7. Nf3 Nc6 8. Be2 0-0 9. 0-0 a6 10. b3 Qe7 11. c4 dxc4 12. bxc4 e5 13. Bg5 h6 1/2-1/2

[Event "Regionalliga SO 9596"]
[Site "Bayern"]
[Date "1996.02.25"]
[Round "6"]
[White "Braun, Christoph"]
[Black "Hahn, Winfried"]
[Result "1/2-1/2"]
[WhiteElo "1900"]
[BlackElo "1925"]
[PlyCount "36"]
[EventDate "1995.10.15"]
[EventType "team-tourn"]
[EventRounds "9"]
[EventCountry "GER"]
[SourceTitle "EXT 1999"]
[Source "ChessBase"]
[SourceDate "1998.11.16"]
[SourceVersion "1"]
[SourceVersionDate "1998.11.16"]
[SourceQuality "1"]
[WhiteTeam "Freising SK"]
[BlackTeam "Passau II"]
[WhiteTeamCountry "GER"]
[BlackTeamCountry "GER"]

1. d4 Nf6 2. Nf3 e6 3. Bf4 c5 4. e3 b6 5. Nbd2 Bb7 6. c3 Be7 7. h3 0-0 8. Bd3 d5 9. 0-0 Nc6 10. Ne5 Nxe5 11. Bxe5 Nd7 12. Bh2 Re8 13. f4 f6 14. Qh5 Nf8 15. Rf3 Bd6 16. Raf1 Qc7 17. g4 Rad8 18. g5 f5 1/2-1/2

[Event "Regionalliga SO 9596"]
[Site "Bayern"]
[Date "1996.01.14"]
[Round "4"]
[White "Baumgartner, Jakob"]
[Black "Braun, Christoph"]
[Result "1/2-1/2"]
[WhiteElo "1835"]
[BlackElo "1900"]
[PlyCount "80"]
[EventDate "1995.10.15"]
[EventType "team-tourn"]
[EventRounds "9"]
[EventCountry "GER"]
[SourceTitle "EXT 1999"]
[Source "ChessBase"]
[SourceDate "1998.11.16"]
[SourceVersion "1"]
[SourceVersionDate "1998.11.16"]
[SourceQuality "1"]
[WhiteTeam "Dorfen PSV"]
[BlackTeam "Freising SK"]
[WhiteTeamCountry "GER"]
[BlackTeamCountry "GER"]

1. e4 e5 2. Nc3 Nf6 3. g3 Nc6 4. Bg2 Bc5 5. d3 d6 6. Na4 Bb6 7. Be3 Bg4 8. Qd2 Bxe3 9. fxe3 0-0 10. Nf3 d5 11. exd5 Qxd5 12. Nd4 Qd6 13. Nxc6 bxc6 14. 0-0 Rfd8 15. Rf2 Be6 16. Nc3 Rab8 17. b3 Bd5 18. e4 Be6 19. h3 Nd7 20. Raf1 Nb6 21. Nd1 a5 22. Ne3 a4 23. g4 axb3 24. axb3 Ra8 25. Nf5 Bxf5 26. exf5 Nd5 27. Bxd5 cxd5 28. f6 g6 29. Qh6 Qf8 30. Qe3 Re8 31. h4 e4 32. d4 h6 33. h5 g5 34. Rf5 Red8 35. Qc3 Qd6 36. Kg2 Ra2 37. Re5 Raa8 38. Re7 Rd7 39. Rf5 Rxe7 40. fxe7 Kg7 1/2-1/2

[Event "Regionalliga SO 9495"]
[Site "Bayern"]
[Date "1995.??.??"]
[Round "?.8"]
[White "Braun, Christoph"]
[Black "Stauber, Volker"]
[Result "1-0"]
[WhiteElo "1890"]
[BlackElo "1915"]
[PlyCount "89"]
[EventDate "1994.10.??"]
[EventType "team-tourn"]
[EventRounds "9"]
[EventCountry "GER"]
[SourceTitle "EXT 1999"]
[Source "ChessBase"]
[SourceDate "1998.11.16"]
[SourceVersion "1"]
[SourceVersionDate "1998.11.16"]
[SourceQuality "1"]
[WhiteTeam "Freising SK"]
[BlackTeam "Passau II"]
[WhiteTeamCountry "GER"]
[BlackTeamCountry "GER"]

1. e4 c6 2. d4 d5 3. exd5 Qxd5 4. Nf3 Nf6 5. Be2 Bf5 6. 0-0 e6 7. Bf4 Be7 8. c4 Qa5 9. Nc3 Nbd7 10. a3 Ne4 11. Nxe4 Bxe4 12. Ne5 Nf6 13. Bd2 Qb6 14. Bc3 0-0 15. Bf3 Qc7 16. Re1 Bxf3 17. Qxf3 Rad8 18. b4 Bd6 19. Re3 Rfe8 20. Rae1 a5 21. bxa5 Bxa3 22. Rb1 Bd6 23. g3 Ra8 24. Re2 Ra7 25. Reb2 h6 26. h4 Rb8 27. Nxc6 Qxc6 28. Qxc6 bxc6 29. Rxb8+ Bxb8 30. Rxb8+ Kh7 31. Rb6 Ne4 32. Bb4 Rd7 33. f3 Nxg3 34. Kf2 Nf5 35. Rxc6 Nxd4 36. Rb6 Ra7 37. a6 e5 38. Bd6 Ne6 39. c5 f6 40. Bb8 Ra8 41. Rxe6 Rxb8 42. Rb6 Rd8 43. c6 Rd4 44. c7 Rc4 45. a7 1-0